Nezamestnanosť oficiálne klesla vo všetkých okresoch

Bibliographic Details
Main Author: Čavojec, Jozef (Author)
Format: Article
Language:Slovak
Subjects:

MARC

LEADER 00000nab a2200000 a 4500
001 vtls000852847
003 SK-MaSNL
005 20260302171318.0
008 180206c2003 xo 0 slo
015 |a SNBRB2003/11-32231 
035 |a CLN000204502 
040 |a SNKBUCL  |b slo  |c SNKBUCL  |e AACR2 
041 0 |a slo 
044 |a xo  |c SK 
080 |a 331.56(437.6)  |2 UDC-MRF-SK2 
100 1 |a Čavojec, Jozef  |4 aut  |9 851165 
245 1 0 |a Nezamestnanosť oficiálne klesla vo všetkých okresoch  |c Jozef Čavojec 
300 |b Tb. 
650 0 7 |a nezamestnanosť  |z Slovensko  |y január-september 2003  |2 snkbucl  |9 875310 
655 7 |a články z novín a časopisov  |2 snkbucl  |9 267496 
773 0 |z 1335440X  |t Sme  |g Roč. 11, č. 243 (22.10.2003), s. 5 
850 |a Slovenská národná knižnica v Martine 
852 |a SNK  |b KIS3GCP 
958 |a RBX 
999 |c 1395310  |d 1397240